| 000 | 00801nam a2200253 i 4500 | ||
|---|---|---|---|
| 001 | 91762 | ||
| 003 | ES-MaACL | ||
| 005 | 20230906180815.0 | ||
| 007 | t| | ||
| 008 | 050211s2001 sp ||||1| spa d | ||
| 020 | _a84-313-1913-5 | ||
| 080 | _a316.77:17 | ||
| 100 | 1 |
_aBettetini, Gianfranco. _928681 |
|
| 245 | 1 | 0 |
_aLo que queda de los medios _b: ideas para una ética de la comunicación / _cGianfranco Bettetini, Armando Fumagalli. |
| 250 | _a1ª ed. | ||
| 260 |
_aBarañain (Navarra) : _bEunsa, _c2001. |
||
| 300 |
_a298 p. ; _c24 cm. |
||
| 490 | 1 | _aComunicación | |
| 650 | 1 | 4 |
_aMedios de comunicación social- _xAspectos morales. _914963 |
| 700 | 1 |
_aFumagalli, Armando. _953016 |
|
| 830 | 0 |
_aComunicación _9180895 |
|
| 852 |
_aES-MaACL _jL-28816 _bR.135320 |
||
| 999 |
_c91762 _d91762 |
||